LIBRARY & INFORMATION CENTRE, KCAET, TAVANUR

ONLINE PUBLIC ACCESS CATALOGUE (OPAC)

Normal view MARC view
  • Lane, Leonard C

Entry Personal Name

Number of records used in: 1

001 - CONTROL NUMBER

  • control field: 6761

003 - CONTROL NUMBER IDENTIFIER

  • control field: OSt

005 - DATE AND TIME OF LATEST TRANSACTION

  • control field: 20250104150858.0

008 - FIXED-LENGTH DATA ELEMENTS

  • fixed length control field: 250104|| aca||aabn | a|a d

040 ## - CATALOGING SOURCE

  • Original cataloging agency: OSt
  • Transcribing agency: OSt

100 ## - HEADING--PERSONAL NAME

  • Personal name: Lane, Leonard C

670 ## - SOURCE DATA FOUND

  • Source citation: Work cat.: (OSt)8839: Lane, Leonard C ., Industrial electronics made easy, Vol.I / , 1962.
free website counter